| 000 | 02473nam a22002177a 4500 | ||
|---|---|---|---|
| 999 |
_c63293 _d63293 |
||
| 005 | 20250729102256.0 | ||
| 008 | 250729s2021 en ||||| |||| 00| 0 eng d | ||
| 041 | _aeng | ||
| 080 | _a616-089.843 H-13 | ||
| 100 |
_aHadžić: Nedim _d(Author) _925696 |
||
| 245 |
_aPediatric liver transplantation : _ba clinical guide / _cNedim Hadžić, Ulrich Baumann, Valérie Anne McLin |
||
| 264 |
_a Philadelphia : _bElsevier, _c2021. |
||
| 300 |
_a489 pages :. _billustrations (chiefly color) _c29 cm. |
||
| 653 | _aWritten and edited by global leaders in the field, Pediatric Liver Transplantation: A Clinical Guide covers all aspects of treatment and management regarding this multifaceted procedure and unique patient population. This practical reference offers detailed, focused guidance in a highly templated, easy-to-consult format, covering everything from pre-transplantation preparation to surgical techniques to post-operative complications. Provides an in-depth understanding of all aspects of pediatric liver transplantation, ideal for pediatric hepatologists, pediatric transplant surgeons, and others on the pediatric transplant team. Covers all surgical techniques in detail, including split graft, living related, auxiliary, and domino. Discusses pediatric liver transplantation consideration for an increasing number of additional metabolic, hematologic and renal conditions; breakthroughs in grafting and stem cell therapy; and techniques and present role of hepatocyte transplantation. Uses a quick-reference templated format; each chapter includes an overview, pathophysiology, conventional management, controversies, and bulleted summary of key take-aways. Includes state-of-the-art mini-reviews based on updated references and author experience throughout the text. Features a full-color design with numerous algorithms, figures, and radiological and histopathological photos. Enhanced eBook version included with purchase. Your enhanced eBook allows you to access all of the text, figures, and references from the book on a variety of devices eBook, English, 2021 | ||
| 653 | _aChild Children Enfants Foie Greffe | ||
| 653 | _aპედიატრიული ღვიძლის ტრანსპლანტაცია: კლინიკური სახელმძღვანელო | ||
| 653 | _aმედიცინა | ||
| 700 |
_aBaumann, Ulrich _923272 |
||
| 700 |
_aAnne McLin, Valérie _925697 |
||
| 942 |
_2udc _cᲬᲘᲒᲜᲘ |
||